000 00504nam a2200193Ia 4500
005 20230707114246.0
008 140110s9999 xx 000 0 und d
020 _a9780749953478
_cRs.295.00
040 _aLoreto College
041 _aEnglish
082 _aF
_bFLI
100 _aFlint, Shamini
245 _aInspector Singh investigates
_bA deadly Cambodian crime spree
_cShamini Flint
260 _aLondon
_bPiatkus
_c2011
300 _a310p.
650 _aFiction
850 _aLCLIB
942 _cBK
999 _c38395
_d88874